|
|
|
|
| LEADER |
01044nam a22002657a 4500 |
| 001 |
AAL7106 |
| 003 |
BD-DhAAL |
| 005 |
20160110175950.0 |
| 008 |
160110s 2005xxua|||| b||| 001 0 eng d |
| 020 |
|
|
|a 013166798X
|
| 040 |
|
|
|a BD-DhAAL
|c BD-DhAAL
|
| 082 |
|
|
|a 973/.07/12
|
| 100 |
|
|
|a Davis, James E
|9 17262
|
| 245 |
|
|
|a Civics and economics /
|c James E Davis and Phyllis Maxey Fernlund
|
| 260 |
|
|
|a Needham, MA :
|b Pearson/Prentice Hall,
|c c2009.
|
| 300 |
|
|
|a xxiii, 768 p. :
|b ill. ;
|c 28 cm.
|
| 504 |
|
|
|6 Includes bibliography and index.
|
| 541 |
|
|
|e 7106
|
| 650 |
|
|
|a Civics
|x Study and teaching (Secondary)
|9 17263
|
| 650 |
|
|
|a Economics
|x Study and teaching (Secondary)
|9 17264
|
| 650 |
|
|
|a Citizenship
|x Study and teaching (Secondary)
|z United States.
|9 17265
|
| 700 |
|
|
|a Fernlund, Phyllis Maxey
|9 17266
|
| 942 |
|
|
|2 ddc
|c BK
|
| 999 |
|
|
|c 36571
|d 36571
|
| 952 |
|
|
|0 0
|1 0
|2 ddc
|4 0
|6 973_000000000000000__07_12_DAV
|7 0
|9 57551
|a SCL
|b SCL
|c GEN
|d 2016-01-10
|e Gift: The Asia Foundation
|l 0
|o 973.0712 DAV
|p 3020007106
|r 2016-01-10
|t 1
|w 2016-01-10
|y BK
|